Tebtynis VII : Greek ostraca from Tebtynis dated to the Ptolemaic and Roman periods /

Saved in:

Other Authors: Litinas, Nikos (Editor)

Format: Book

Language: French

Published: Le Caire : Institut français d'archéologie orientale, 2025.

Series: Documents de fouilles publiés par les membres de l'Institut français d'archéologie orientale du Caire ; 54.
DFIFAO ; 54.
Fouilles franco-italiennes.

Subjects:

Tags: Add Tag

No Tags, Be the first to tag this record!

Call Number: ( F )DT57 .C181 v.54

LEADER 01021nam a22002537a 4500
003 OSt
005 20260601104019.0
008 260427s2025 ua a 000 0 fre c
020 |a 9782724710915 
040 |c ARCE Library 
050 4 |a ( F )DT57 .C181 v.54 
245 0 0 |a Tebtynis VII :   |b Greek ostraca from Tebtynis dated to the Ptolemaic and Roman periods /   |c Nikos Litinas. 
264 1 |a Le Caire :   |b Institut français d'archéologie orientale,  |c 2025. 
300 |a 359 Pages :   |b illustrations (some color) ;   |c 33 cm. 
490 0 |a Documents de fouilles publiés par les membres de l'Institut français d'archéologie orientale du Caire ;   |v 54. 
490 0 |a DFIFAO ;   |v 54. 
490 0 |a Fouilles franco-italiennes. 
650 0 |a Ostraka   |z Egypt   |z Tebtunis (Extinct city) 
650 0 |a Inscriptions, Greek   |z Egypt   |z Tebtunis (Extinct city) 
650 0 |a Excavations (Archaeology)   |z Egypt   |z Tebtunis (Extinct city) 
700 1 |a Litinas, Nikos,   |e editor 
901 |a reviewed 
942 |2 lcc  |c BK 
999 |c 61904  |d 61904